| 000 | 00563nam a22001937a 4500 | ||
|---|---|---|---|
| 003 | DO-CoUTE | ||
| 005 | 20260520142554.0 | ||
| 008 | 260520b dr ||||| |||| 00| 0 spa d | ||
| 040 |
_aDO-CoUTE _bspa _cDO-CoUTE |
||
| 082 | _aRD 861.1F316P | ||
| 100 | 1 |
_aFelix, Nicolas _eAutor |
|
| 245 | 1 | 0 |
_aProyecto Humano / _cNicolas Felix |
| 260 |
_aRepublica Dominicana ; _bSanturio _c2020 |
||
| 300 |
_a102 Paginas : _c22cm, |
||
| 504 | _aIncluye referencia bibliográfica e índice. | ||
| 650 | 4 | _aPoema | |
| 700 | 1 |
_aNicolas Felix _eAutor |
|
| 942 |
_2ddc _cBK |
||
| 999 |
_c24209 _d24209 |
||